| 000 | 00525nam a2200181 a 4500 | ||
|---|---|---|---|
| 005 | 20140310183225.0 | ||
| 008 | 040507s19uu xx 00 eng d | ||
| 020 | _a9711170670 | ||
| 050 |
_aHD 62.7 _b.H847 1996 |
||
| 245 | _aHow to develop project feasibilty studies / | ||
| 260 |
_aPhilippines : _bSinag-tala Publishers, Inc., _c1996. |
||
| 300 |
_a94 p. : _bill. ; _c22 cm. |
||
| 440 | _aIndustry Development Series No. 1 | ||
| 521 | _aBSBA | ||
| 650 | _aBusiness planning. | ||
| 942 |
_cBK _2lcc _kLOC |
||
| 999 |
_c20392 _d20392 |
||